000 00562nam a22001697a 4500
003 OSt
008 250909b |||||||| |||| 00| 0 eng d
041 _amal
082 _a923.5
_bSAT/MU
100 _aSathyarthi, M. N
_97832
245 _aMusafar Ahammed adhasthitharude vimochakan
_bമുസഫര്‍ അഹമ്മദ് അധസ്ഥിതരുടെ വിമോചകന്‍
260 _aKozhikode :
_bProgress Publication,
_c2013.
300 _a159 p.
650 _aBiography- communist
_97833
700 _aAhammed, Musafer
_97834
942 _cBK
999 _c19517
_d19517